000 01757nam a2200229Ia 4500
008 260220t1996||||xx |||||||||||||| ||spa||
040 _aPY-SlUNAC
_bspa
_erda
041 _aspa
082 _a331.4
_bUn3r
245 0 _aEl rol de la mujer en la utilización de los recursos naturales ene l Paraguay :
_bun enfoque multidisciplinario
264 _aAsunción :
_bMinisterio de Agricultura y Ganadería,
_c℗1996.
300 _a1 volumen
520 _aEl libro "El rol de la mujer en la utilización de los recursos naturales en el Paraguay: un enfoque multidisciplinario" presenta un análisis integral sobre la participación femenina en la gestión y conservación de los recursos naturales en el contexto paraguayo. A través de un enfoque que combina diversas disciplinas, se exploran las contribuciones históricas, económicas y sociales de las mujeres en la agricultura, la recolección de productos forestales y la gestión del agua. El texto destaca cómo las mujeres no solo desempeñan un papel crucial en la producción de alimentos, sino que también son guardianas del conocimiento tradicional y de prácticas sostenibles que favorecen la biodiversidad y el equilibrio ecológico. Además, se discuten los desafíos que enfrentan, como la falta de acceso a recursos y la marginalización en la toma de decisiones. En conclusión, el libro subraya la importancia de reconocer y empoderar a las mujeres en la gestión ambiental para fomentar un desarrollo sostenible en Paraguay.
653 _aDesarrollo sostenible
653 _aMujer
653 _aRecursos naturales
942 _b2026/02/17
_cBK
999 _c7059
_d7059